000 03027nam a2200313 a 4500
003 OSt
005 20251112143839.0
007 cr ||||||a|c|a
008 231206s2019 mx a|||fom||| 001 0 spa d
040 _erda
100 1 _9188419
_aSánchez Rodríguez, María Guadalupe
245 1 0 _aEfecto de insecticidas recomendados contra Melanaphis sacchari (Hemiptera : Aphididae) en el tiempo de desarrollo de Chrysoperla carnea (Neuroptera : Chrysopidae) /
_cpor María Guadalupe Sánchez Rodríguez : director de tesis Marcelo Acosta Ramos.
264 1 _aChapingo, México :
_bEl autor,
_c2019.
300 _a1 recurso en línea (47 páginas):
_bcuadros, figuras.
336 _2rdacontent
_atexto
_btxt
337 _2rdamedia
_acomputadora
_bc
338 _2rdacarrier
_arecurso en línea
_bcr
502 _bIAEPA
_cParasitología
_d2019.
_gLIC
504 _aIncluye referencias bibliográficas: páginas 34-37.
520 _aChrysoperla carnea es considerado un enemigo natural de plagas insectiles de cuerpo blando, con alto potencial de aplicación dada su voracidad y preferencia, siendo utilizado en el manejo integrado de plagas (MIP) para pulgón amarillo del sorgo Melanaphis sacchari. El objetivo de este estudio fue determinar el efecto de los insecticidas recomendados en el manejo de pulgón amarillo del sorgo: spirotetramat, flupyradifurone e imidacloprid sobre el tiempo de desarrollo de C. carnea bajo condiciones de laboratorio. Las condiciones climáticas en la cámara de cría fueron: fotoperiodo de 12 h luz, humedad relativa de 60% y temperatura de 25° C. Los huevos de C. carnea de 0-24h de edad fueron sumergidos en soluciones de insecticidas con las dosis recomendadas de estos insecticidas por 25 segundos, después los huevos fueron puestos individualmente en vasos de plástico del no. 0 con tapa, con un orifico al cual se le colocó una tela de organza que permitió el intercambio gaseoso, se suministraron huevos de Sitotroga cerealella como dieta para las larvas de C. carnea, se hicieron revisiones cada 24 horas para registrar algún cambio o muda en los insectos con la finalidad de registrar todo el desarrollo de las crisopas hasta la obtención de adultos. Los efectos observados de flupyradifurone, imidacloprid y spirotetramat aplicados sobre huevos de C. carnea fueron: prolongación del tiempo de desarrollo, adultos deformes, viabilidad y supervivencia baja. C. carnea mostró un tiempo de desarrollo de 27.1, 26.7, 27.6 y 25.7 días con flupyradifurone, imidacloprid, spirotetramat y en el testigo absoluto, respectivamente.
650 7 _9108664
_aSorgo
_xEnfermedades
650 4 _9188421
_aChrysoperla carnea
_xControl
650 4 _9188420
_aMelanaphis sacchari
_xControl
650 4 _9140295
_aInsecticidas
_x Análisis
650 4 _958857
_aInsecticidas
_xAplicación
700 1 _aAcosta Ramos, Marcelo
_edirector.
_9692
856 _uhttp://10.13.5.2/tesis/tl/Sanchez_Rodriguez_Maria_Guadalupe.pdf
_zDESCARGAR PDF
942 _2Clasificación Universidad Autónoma Chapingo
_cTD
999 _c219501
_d219501